Drawing conclusions C / (Record no. 102028)
[ view plain ]
| 000 -LEADER | |
|---|---|
| fixed length control field | 00620nam a2200193 a 4500 |
| 005 - DATE AND TIME OF LATEST TRANSACTION | |
| control field | 20140412111225.0 |
| 008 - FIXED-LENGTH DATA ELEMENTS--GENERAL INFORMATION | |
| fixed length control field | 010523s19uu xx 00 eng d |
| 020 ## - INTERNATIONAL STANDARD BOOK NUMBER | |
| International Standard Book Number | 0-87965-753-7 |
| 050 ## - LIBRARY OF CONGRESS CALL NUMBER | |
| Classification number | TR(GS 420.7 |
| Item number | S633 Bk.C |
| 100 ## - MAIN ENTRY--PERSONAL NAME | |
| Personal name | Boning, Richard A. |
| 245 ## - TITLE STATEMENT | |
| Title | Drawing conclusions C / |
| Statement of responsibility, etc | Richard A. Boning. |
| 250 ## - EDITION STATEMENT | |
| Edition statement | 3rd Ed. |
| 260 ## - PUBLICATION, DISTRIBUTION, ETC. (IMPRINT) | |
| Place of publication, distribution, etc | Baldwin, New York : |
| Name of publisher, distributor, etc | Barnell Loft, Ltd, |
| Date of publication, distribution, etc | 1982. |
| 300 ## - PHYSICAL DESCRIPTION | |
| Extent | 1v. (unp.) |
| 440 ## - SERIES STATEMENT/ADDED ENTRY--TITLE | |
| Title | Specific Skills Series |
| 520 ## - SUMMARY, ETC. | |
| Summary, etc | Drawing conclusions has been written to help develop an important interpretative skill. |
| 650 ## - SUBJECT ADDED ENTRY--TOPICAL TERM | |
| Topical term or geographic name as entry element | Interpretative skills |
| Withdrawn status | Lost status | Damaged status | Home library | Current library | Shelving location | Date acquired | Source of acquisition | Total Checkouts | Full call number | Barcode | Date last seen | Price effective from | Koha item type |
|---|---|---|---|---|---|---|---|---|---|---|---|---|---|
| Elizalde Library | Elizalde Library | Teachers Reference Section | 05/23/2001 | TR(GS 420.7 S633 Bk.C | E0320 | 04/12/2014 | 04/12/2014 | Books |